[Event "Valby"]
[Site "Valby"]
[Date "1994.??.??"]
[Round "5"]
[White "Sahl, Bjarke"]
[Black "Danielsen, Henrik"]
[Result "1-0"]
[WhiteElo "2465"]
[BlackElo "2480"]
[PlyCount "103"]
[EventDate "1994.??.??"]
[EventType "tourn"]
[EventRounds "9"]
[EventCountry "DEN"]
[EventCategory "10"]
[Source "ChessBase"]
[SourceDate "1997.11.17"]

1. e4 c6 2. d4 d5 3. e5 Bf5 4. Be2 e6 5. c3 Nd7 6. Nf3 h6 7. O-O Ne7 8. b4 a5
9. a3 Nc8 10. Bb2 Be7 11. Nbd2 Ncb6 12. Qb3 O-O 13. h3 Qc7 14. Rfc1 Rfc8 15.
Nf1 Ra7 16. Ne3 Bg6 17. a4 Qd8 18. Rd1 Raa8 19. g3 Qf8 20. b5 c5 21. Rac1 Rc7
22. c4 cxd4 23. Nxd4 Nc5 24. Qa2 dxc4 25. Nxc4 Nbxa4 26. b6 Rd7 27. Ba1 Be4 28.
Nb5 Bd5 29. Rxd5 Rxd5 30. Nc7 Rad8 31. Nxd5 Rxd5 32. Qc2 Qe8 33. Ne3 Rd8 34.
Rb1 Qf8 35. Nc4 Ra8 36. Bd4 Qd8 37. Rd1 Qe8 38. Nd6 Bxd6 39. exd6 Rc8 40. Bxg7
Kxg7 41. d7 Nxd7 42. Qxa4 Nc5 43. Qxa5 Qe7 44. Qc3+ e5 45. Rd5 f6 46. Bg4 Rc6
47. Qa3 Kf7 48. Qa8 Ne6 49. Bxe6+ Rxe6 50. Qh8 Rxb6 51. Rd8 Kg6 52. g4 1-0

[Event "Valby"]
[Site "Valby"]
[Date "1994.??.??"]
[Round "3"]
[White "Sahl, Bjarke"]
[Black "Sax, Gyula"]
[Result "1/2-1/2"]
[WhiteElo "2465"]
[BlackElo "2520"]
[PlyCount "63"]
[EventDate "1994.??.??"]
[EventType "tourn"]
[EventRounds "9"]
[EventCountry "DEN"]
[EventCategory "10"]
[Source "ChessBase"]
[SourceDate "1997.11.17"]

1. d4 Nf6 2. Nf3 g6 3. g3 Bg7 4. Bg2 O-O 5. O-O d5 6. Ne5 c6 7. Nd2 Nbd7 8. f4
Nxe5 9. fxe5 Ng4 10. Nf3 f6 11. exf6 exf6 12. h3 Nh6 13. g4 Qd6 14. c3 Re8 15.
Ne1 Qe7 16. Rf2 Nf7 17. Nf3 Nd6 18. Bf4 Ne4 19. Rf1 g5 20. Bh2 h5 21. gxh5 Qf7
22. h6 Bxh6 23. Ne5 Qh5 24. Bxe4 fxe5 25. Bf3 Qxh3 26. Bxe5 g4 27. Qd3 Rxe5 28.
dxe5 Qg3+ 29. Kh1 Qh3+ 30. Kg1 Qg3+ 31. Kh1 Qh3+ 32. Kg1 1/2-1/2

[Event "Valby"]
[Site "Valby"]
[Date "1994.??.??"]
[Round "7"]
[White "Sax, Gyula"]
[Black "Petursson, Margeir"]
[Result "1/2-1/2"]
[WhiteElo "2520"]
[BlackElo "2550"]
[PlyCount "39"]
[EventDate "1994.??.??"]
[EventType "tourn"]
[EventRounds "9"]
[EventCountry "DEN"]
[EventCategory "10"]
[Source "ChessBase"]
[SourceDate "1997.11.17"]

1. e4 c5 2. Nf3 Nc6 3. d4 cxd4 4. Nxd4 g6 5. c4 Nf6 6. Nc3 d6 7. Be2 Nxd4 8.
Qxd4 Bg7 9. O-O O-O 10. Qe3 Be6 11. Rb1 Qb6 12. Qd3 Rfc8 13. b3 a6 14. Be3 Qa5
15. Bd2 Qb6 16. Kh1 Bd7 17. f4 Bc6 18. Qe3 Nd7 19. Bg4 e6 20. Bf3 1/2-1/2

[Event "Valby"]
[Site "Valby"]
[Date "1994.??.??"]
[Round "2"]
[White "Sax, Gyula"]
[Black "Gipslis, Aivars"]
[Result "1/2-1/2"]
[WhiteElo "2520"]
[BlackElo "2480"]
[PlyCount "62"]
[EventDate "1994.??.??"]
[EventType "tourn"]
[EventRounds "9"]
[EventCountry "DEN"]
[EventCategory "10"]
[Source "ChessBase"]
[SourceDate "1997.11.17"]

1. e4 d5 2. exd5 Nf6 3. c4 c6 4. Nc3 cxd5 5. d4 g6 6. Qb3 Bg7 7. cxd5 O-O 8.
Be2 Nbd7 9. Bf3 Nb6 10. Nge2 Bg4 11. Bxg4 Nxg4 12. a4 Nf6 13. Nf4 a5 14. O-O
Qd6 15. Rd1 Rfd8 16. Nb5 Qd7 17. d6 exd6 18. Nc3 Ra6 19. Be3 Rc8 20. h3 Rc4 21.
Nd3 Qd8 22. Ne5 dxe5 23. dxe5 Qe8 24. exf6 Rb4 25. Qc2 Bxf6 26. b3 Qe6 27. Rab1
Ra8 28. Nb5 Rc8 29. Qd3 Rh4 30. Qd2 Rb4 31. Qd3 Rh4 1/2-1/2

[Event "Valby"]
[Site "Valby"]
[Date "1994.??.??"]
[Round "9"]
[White "Sax, Gyula"]
[Black "Thorhallsson, Throstur"]
[Result "1-0"]
[WhiteElo "2520"]
[BlackElo "2470"]
[PlyCount "77"]
[EventDate "1994.??.??"]
[EventType "tourn"]
[EventRounds "9"]
[EventCountry "DEN"]
[EventCategory "10"]
[Source "ChessBase"]
[SourceDate "1997.11.17"]

1. e4 c5 2. Nf3 d6 3. d4 cxd4 4. Nxd4 Nf6 5. Nc3 Nc6 6. Bg5 e6 7. Qd2 Be7 8.
O-O-O O-O 9. Nb3 Qb6 10. f3 Rd8 11. Nb5 Rd7 12. Be3 Qd8 13. N5d4 d5 14. Nxc6
bxc6 15. e5 Ne8 16. Qc3 a5 17. Qxc6 Rb8 18. Bb5 Bf8 19. f4 Nc7 20. Bb6 Qe7 21.
Bc5 Qd8 22. Bb6 Qe7 23. Bc5 Qd8 24. Ba4 Na6 25. Bxf8 Qxf8 26. a3 Qd8 27. Kb1
Rb6 28. Qc3 Rc7 29. Qxa5 Rc4 30. Bb5 Rxf4 31. Rhf1 Re4 32. Be8 f5 33. exf6 gxf6
34. Rxf6 Qxf6 35. Qxb6 Qe7 36. Bb5 Nc7 37. Bd3 Rg4 38. g3 e5 39. Qb8 1-0

[Event "Valby"]
[Site "Valby"]
[Date "1994.??.??"]
[Round "8"]
[White "Schandorff, Lars"]
[Black "Sax, Gyula"]
[Result "0-1"]
[WhiteElo "2430"]
[BlackElo "2520"]
[PlyCount "92"]
[EventDate "1994.??.??"]
[EventType "tourn"]
[EventRounds "9"]
[EventCountry "DEN"]
[EventCategory "10"]
[Source "ChessBase"]
[SourceDate "1997.11.17"]

1. e4 c5 2. c3 d6 3. d4 Nf6 4. Bd3 g6 5. h3 Qc7 6. Nf3 Nbd7 7. O-O Bg7 8. Re1
e5 9. dxe5 dxe5 10. Nbd2 O-O 11. a4 b6 12. a5 Rb8 13. axb6 axb6 14. Bb5 Rd8 15.
Qb3 h6 16. Nc4 Kh7 17. Na3 Nf8 18. Bc4 Bb7 19. Nb5 Qe7 20. Bg5 Bc6 21. Bxf6
Qxf6 22. Bd5 Bd7 23. Nh2 Ne6 24. Ng4 Qh4 25. c4 Nf4 26. Qf3 Nxd5 27. exd5 Bxb5
28. cxb5 Qe7 29. Rad1 f5 30. Ne3 e4 31. Nc4 Qd7 32. Qg3 Qxb5 33. b3 Qe8 34. d6
Rb7 35. Rd5 Qe6 36. Red1 Bd4 37. R1xd4 cxd4 38. Re5 Qf6 39. Qf4 b5 40. Na5 Rb6
41. Re7+ Kg8 42. Qxh6 Rbxd6 43. Qh7+ Kf8 44. Rc7 d3 45. Qh6+ Ke8 46. Rg7 Qf8
0-1

[Event "Valby"]
[Site "Valby"]
[Date "1994.??.??"]
[Round "6"]
[White "Schandorff, Lars"]
[Black "Gipslis, Aivars"]
[Result "1/2-1/2"]
[WhiteElo "2430"]
[BlackElo "2480"]
[PlyCount "34"]
[EventDate "1994.??.??"]
[EventType "tourn"]
[EventRounds "9"]
[EventCountry "DEN"]
[EventCategory "10"]
[Source "ChessBase"]
[SourceDate "1997.11.17"]

1. e4 d6 2. d4 Nf6 3. Nc3 g6 4. Be3 Bg7 5. Qd2 c6 6. h3 O-O 7. Nf3 b5 8. Bd3
Nbd7 9. O-O a6 10. e5 Ne8 11. exd6 exd6 12. Bg5 f6 13. Bh6 d5 14. Bxg7 Kxg7 15.
Ne2 Rf7 16. a4 Bb7 17. Rfe1 Nf8 1/2-1/2

[Event "Valby"]
[Site "Valby"]
[Date "1994.??.??"]
[Round "1"]
[White "Schandorff, Lars"]
[Black "Danielsen, Henrik"]
[Result "1/2-1/2"]
[WhiteElo "2430"]
[BlackElo "2480"]
[PlyCount "96"]
[EventDate "1994.??.??"]
[EventType "tourn"]
[EventRounds "9"]
[EventCountry "DEN"]
[EventCategory "10"]
[Source "ChessBase"]
[SourceDate "1997.11.17"]

1. e4 c6 2. d4 d5 3. Nc3 dxe4 4. Nxe4 Bf5 5. Ng3 Bg6 6. h4 h6 7. f4 e6 8. Nf3
Nd7 9. h5 Bh7 10. Bd3 Bxd3 11. Qxd3 Qc7 12. Bd2 O-O-O 13. Qe2 Ngf6 14. O-O-O c5
15. Ne5 Nb6 16. dxc5 Bxc5 17. Kb1 Bd4 18. Ba5 Rhf8 19. c4 Kb8 20. Bb4 Rfe8 21.
Nxf7 Qxf7 22. Rxd4 Rxd4 23. Qe5+ Qc7 24. Qxd4 Qxc4 25. Qxc4 Nxc4 26. b3 Ne3 27.
Bd2 Nfg4 28. Nf1 Nf5 29. Rh3 Rd8 30. Kc1 Rd7 31. Nh2 Nf2 32. Rf3 Nd3+ 33. Kb1
Nh4 34. Rg3 Nf5 35. Rg6 Nc5 36. Nf3 Ne4 37. Bb4 Nf6 38. Bc3 Nxh5 39. Rxe6 Nhg3
40. Be5+ Kc8 41. Re8+ Rd8 42. Rxd8+ Kxd8 43. Kc1 Kd7 44. Kd2 a6 45. Kd3 h5 46.
Bc3 Kc6 47. Be1 Kd5 48. Nd2 b5 1/2-1/2

[Event "Valby"]
[Site "Valby"]
[Date "1994.??.??"]
[Round "1"]
[White "Thorhallsson, Throstur"]
[Black "Mortensen, Erling"]
[Result "0-1"]
[WhiteElo "2470"]
[BlackElo "2470"]
[PlyCount "118"]
[EventDate "1994.??.??"]
[EventType "tourn"]
[EventRounds "9"]
[EventCountry "DEN"]
[EventCategory "10"]
[Source "ChessBase"]
[SourceDate "1997.11.17"]

1. e4 c5 2. Nf3 Nc6 3. d4 cxd4 4. Nxd4 Qc7 5. Nc3 e6 6. Be3 a6 7. Bd3 b5 8. O-O
Bb7 9. Kh1 Ne5 10. Qe2 Nf6 11. f4 Ng6 12. f5 Ne5 13. Bf4 b4 14. Na4 Bd6 15. Nf3
Nxf3 16. Bxd6 Qxd6 17. Rxf3 e5 18. Rg3 Qc6 19. b3 O-O 20. Re1 Kh8 21. Qd2 a5
22. Nb2 d5 23. Qg5 Rg8 24. exd5 Qxd5 25. Nc4 Rae8 26. Ne3 Qd4 27. Ng4 Qf4 28.
Nh6 Bd5 29. Nxg8 Qxg5 30. Rxg5 Kxg8 31. Rg3 e4 32. Be2 Re5 33. Rf1 Bc6 34. Bc4
Bd7 35. Re3 Bxf5 36. h3 h5 37. Kh2 h4 38. Rd1 g5 39. Rd6 Kg7 40. Kg1 g4 41.
hxg4 Nxg4 42. Re2 Bg6 43. Rd7 Rg5 44. Rd5 Rxd5 45. Bxd5 f5 46. Bb7 Kf6 47. c4
bxc3 48. Rc2 Ne5 49. Rxc3 f4 50. Rc5 h3 51. gxh3 e3 52. Rxa5 f3 53. Ra6+ Kf5
54. Ra4 e2 55. Be4+ Kf4 56. Kf2 Bxe4 57. Rd4 Nd3+ 58. Rxd3 Bxd3 59. a4 e1=Q+
0-1

[Event "Valby"]
[Site "Valby"]
[Date "1994.??.??"]
[Round "6"]
[White "Thorhallsson, Throstur"]
[Black "Hazai, Laszlo"]
[Result "1/2-1/2"]
[WhiteElo "2470"]
[BlackElo "2465"]
[PlyCount "34"]
[EventDate "1994.??.??"]
[EventType "tourn"]
[EventRounds "9"]
[EventCountry "DEN"]
[EventCategory "10"]
[Source "ChessBase"]
[SourceDate "1997.11.17"]

1. e4 e5 2. Nf3 Nc6 3. Nc3 Nf6 4. d4 exd4 5. Nxd4 Bb4 6. Nxc6 bxc6 7. Bd3 O-O
8. O-O d5 9. exd5 cxd5 10. Bg5 Be6 11. Ne2 h6 12. Bh4 Bd6 13. Nd4 Bd7 14. Re1
c5 15. Nf5 Bxf5 16. Bxf5 g5 17. Bg3 Bxg3 1/2-1/2

[Event "Valby"]
[Site "Valby"]
[Date "1994.??.??"]
[Round "8"]
[White "Thorhallsson, Throstur"]
[Black "Sahl, Bjarke"]
[Result "1/2-1/2"]
[WhiteElo "2470"]
[BlackElo "2465"]
[PlyCount "60"]
[EventDate "1994.??.??"]
[EventType "tourn"]
[EventRounds "9"]
[EventCountry "DEN"]
[EventCategory "10"]
[Source "ChessBase"]
[SourceDate "1997.11.17"]

1. e4 c5 2. Nf3 Nc6 3. d4 cxd4 4. Nxd4 g6 5. Be2 Bg7 6. Nb3 Nf6 7. Nc3 O-O 8.
O-O d6 9. Bg5 a5 10. a4 Nb4 11. f4 Nd7 12. Bb5 Nb6 13. Qe2 Qc7 14. f5 d5 15.
Rad1 dxe4 16. fxg6 hxg6 17. Qxe4 Bf5 18. Qxe7 Qxe7 19. Bxe7 Bxc2 20. Nxa5 Bxd1
21. Rxd1 Bxc3 22. Bxf8 Kxf8 23. bxc3 N4d5 24. c4 Ne3 25. Rd3 Rxa5 26. Rxe3 Ra8
27. Rh3 Kg7 28. Ra3 Rc8 29. Rc3 Ra8 30. Ra3 Rc8 1/2-1/2

[Event "Valby"]
[Site "Valby"]
[Date "1994.??.??"]
[Round "3"]
[White "Thorhallsson, Throstur"]
[Black "Petursson, Margeir"]
[Result "1/2-1/2"]
[WhiteElo "2470"]
[BlackElo "2550"]
[PlyCount "26"]
[EventDate "1994.??.??"]
[EventType "tourn"]
[EventRounds "9"]
[EventCountry "DEN"]
[EventCategory "10"]
[Source "ChessBase"]
[SourceDate "1997.11.17"]

1. e4 c5 2. Nf3 Nc6 3. d4 cxd4 4. Nxd4 g6 5. Be2 Bg7 6. Nb3 Nf6 7. Nc3 d6 8.
O-O O-O 9. Bg5 a6 10. a4 Be6 11. Kh1 Rc8 12. f4 Na5 13. Nxa5 Qxa5 1/2-1/2